[Event "HUN-chT 2223"]
[Site "Hungary"]
[Date "2023.01.29"]
[Round "4.11"]
[White "Krutti, Valer"]
[Black "Pervai, Laszlo"]
[Result "1-0"]
[WhiteElo "2288"]
[BlackElo "2029"]
[PlyCount "119"]
[EventDate "2022.11.20"]
[EventType "team-tourn"]
[EventRounds "9"]
[EventCountry "HUN"]
[SourceTitle "CBM 213 Extra"]
[Source "ChessBase"]
[SourceDate "2023.05.31"]
[SourceVersion "1"]
[SourceVersionDate "2023.05.31"]
[SourceQuality "1"]
[WhiteTeam "Aquaprofit"]
[BlackTeam "Hetenyi Geza"]
[WhiteTeamCountry "HUN"]
[BlackTeamCountry "HUN"]

1. d4 d5 2. Nf3 Nf6 3. c4 e6 4. Nc3 c6 5. Bg5 Nbd7 6. cxd5 cxd5 7. e3 Qa5 8. Nd2 Bb4 9. Qb3 Ne4 10. Ndxe4 dxe4 11. Bh4 Nb6 12. Rc1 Bd7 13. a3 Bxc3+ 14. bxc3 Rc8 15. Qb4 Qxb4 16. axb4 Nd5 17. Kd2 a6 18. Be2 0-0 19. c4 Nb6 20. Be7 Rfe8 21. Bd6 Rc6 22. Bg3 Rcc8 23. f3 Bc6 24. h4 Red8 25. h5 f6 26. Rh4 e5 27. Bf2 exf3 28. gxf3 Ba4 29. Rc3 Be8 30. d5 Na4 31. Rc2 b5 32. e4 bxc4 33. Bxc4 Bb5 34. Bb3 Rxc2+ 35. Bxc2 Rc8 36. f4 Nb2 37. Bc5 a5 38. Bb3 axb4 39. Bxb4 Nd3 40. Be7 Nc5 41. Bxc5 Rxc5 42. fxe5 fxe5 43. Rg4 Bc4 44. Bxc4 Rxc4 45. Kd3 Rd4+ 46. Ke3 Ra4 47. Rg5 Ra3+ 48. Kf2 Kf7 49. Rf5+ Ke7 50. Rxe5+ Kf6 51. Rf5+ Ke7 52. Rf3 Ra4 53. Ke3 g6 54. hxg6 hxg6 55. Rf1 Rb4 56. e5 g5 57. Rf6 g4 58. d6+ Kd7 59. Rf7+ Ke8 60. e6 1-0

[Event "Pontevedra op-A 10th"]
[Site "Pontevedra"]
[Date "2022.07.27"]
[Round "6"]
[White "Sarabando, Rodrigo Andias"]
[Black "Krutti, Valer"]
[Result "1/2-1/2"]
[WhiteElo "1915"]
[BlackElo "2292"]
[PlyCount "40"]
[EventDate "2022.07.24"]
[EventType "swiss"]
[EventRounds "9"]
[EventCountry "ESP"]
[SourceTitle "EXT 2023"]
[Source "ChessBase"]
[SourceDate "2022.10.05"]
[SourceVersion "1"]
[SourceVersionDate "2022.10.05"]
[SourceQuality "1"]

1. d4 d5 2. c4 c6 3. Nf3 Nf6 4. Nc3 a6 5. cxd5 cxd5 6. Bg5 Ne4 7. Bf4 Nc6 8. e3 Qa5 9. Qb3 Nxc3 10. bxc3 g6 11. Bd3 Bg7 12. 0-0 0-0 13. h3 Qd8 14. Rfd1 Na5 15. Qb4 Bf5 16. Bxf5 gxf5 17. Nd2 b5 18. a4 Nc6 19. Qb3 Na5 20. Qb4 Nc6 1/2-1/2

[Event "Pontevedra op-A 10th"]
[Site "Pontevedra"]
[Date "2022.07.24"]
[Round "1"]
[White "Krutti, Valer"]
[Black "Cabanas Rodriguez, Roi"]
[Result "1/2-1/2"]
[WhiteElo "2292"]
[BlackElo "1945"]
[PlyCount "52"]
[EventDate "2022.07.24"]
[EventType "swiss"]
[EventRounds "9"]
[EventCountry "ESP"]
[SourceTitle "EXT 2023"]
[Source "ChessBase"]
[SourceDate "2022.10.05"]
[SourceVersion "1"]
[SourceVersionDate "2022.10.05"]
[SourceQuality "1"]

1. Nf3 c5 2. c4 g6 3. e4 Nc6 4. d4 cxd4 5. Nxd4 Nf6 6. Nc3 d6 7. Be2 Nxd4 8. Qxd4 Bg7 9. Bg5 0-0 10. Qd2 Be6 11. Rc1 a5 12. 0-0 a4 13. f3 Qa5 14. Nd5 Qxd2 15. Nxe7+ Kh8 16. Bxd2 Rfe8 17. Nd5 Nxd5 18. cxd5 Bxd5 19. Bb5 Re5 20. Bxa4 Bxa2 21. b3 Rc5 22. Be3 b5 23. Bxc5 bxa4 24. Bxd6 axb3 25. e5 b2 26. Rce1 f6 1/2-1/2

[Event "EU-ch blitz"]
[Site "Tallinn"]
[Date "2019.12.07"]
[Round "13"]
[White "Krutti, Valer"]
[Black "Marie, Maxime"]
[Result "0-1"]
[WhiteElo "2379"]
[BlackElo "2196"]
[PlyCount "96"]
[EventDate "2019.12.07"]
[EventType "swiss (blitz)"]
[EventRounds "22"]
[EventCountry "EST"]
[SourceTitle "CBM 193 Extra"]
[Source "ChessBase"]
[SourceDate "2020.01.31"]
[SourceVersion "1"]
[SourceVersionDate "2020.01.31"]
[SourceQuality "1"]

1. c4 g6 2. d4 Bg7 3. e4 d6 4. Nc3 Nf6 5. f3 a6 6. Bg5 h6 7. Be3 Nbd7 8. Nh3 e5 9. d5 Qe7 10. Qd2 Nh5 11. Nf2 g5 12. Qc2 Nf8 13. 0-0-0 Ng6 14. Kb1 Bd7 15. Rc1 b6 16. b3 0-0 17. Nfd1 Rfb8 18. Nb2 b5 19. g3 Rb7 20. Ncd1 c5 21. dxc6 Bxc6 22. Nc3 Nf8 23. Nd5 Qe8 24. Ka1 Ne6 25. Bh3 Nd4 26. Qd1 bxc4 27. Rxc4 Bb5 28. Rc3 Be2 29. Qc1 Bxf3 30. Rf1 Ne2 31. Qd2 Nxc3 32. Nxc3 g4 33. Bg2 Bxg2 34. Qxg2 Qe6 35. Nd5 Rc8 36. Qe2 Rb5 37. Rd1 Nf6 38. Nxf6+ Bxf6 39. Nc4 Be7 40. Rf1 Kg7 41. Rf5 Rb4 42. Qxg4+ Kf8 43. Qe2 a5 44. Bd2 Rbxc4 45. bxc4 Qxc4 46. Bxh6+ Ke8 47. Qxc4 Rxc4 48. Bd2 a4 0-1

[Event "EU-ch blitz"]
[Site "Tallinn"]
[Date "2019.12.07"]
[Round "14"]
[White "Marie, Maxime"]
[Black "Krutti, Valer"]
[Result "0-1"]
[WhiteElo "2196"]
[BlackElo "2379"]
[PlyCount "56"]
[EventDate "2019.12.07"]
[EventType "swiss (blitz)"]
[EventRounds "22"]
[EventCountry "EST"]
[SourceTitle "CBM 193 Extra"]
[Source "ChessBase"]
[SourceDate "2020.01.31"]
[SourceVersion "1"]
[SourceVersionDate "2020.01.31"]
[SourceQuality "1"]

1. c4 c6 2. e4 d5 3. exd5 cxd5 4. d4 Nf6 5. Nc3 e6 6. Nf3 Be7 7. Bd3 dxc4 8. Bxc4 0-0 9. 0-0 a6 10. Qd3 b5 11. Bb3 Bb7 12. Re1 Nc6 13. Bg5 Nb4 14. Qd2 Rc8 15. Ne5 Nbd5 16. a3 Nxc3 17. bxc3 Ne4 18. Bxe7 Qxe7 19. Qf4 Nxc3 20. Rad1 Nxd1 21. Bxd1 Bd5 22. h4 Rc3 23. h5 h6 24. Bg4 Rfc8 25. Bh3 Qf6 26. Qd2 Rc2 27. Qe3 R8c3 28. Ng4 Qg5 0-1

[Event "EU-ch rapid"]
[Site "Tallinn"]
[Date "2019.12.06"]
[Round "11"]
[White "Krutti, Valer"]
[Black "Kozak, Adam"]
[Result "0-1"]
[WhiteElo "2370"]
[BlackElo "2240"]
[PlyCount "132"]
[EventDate "2019.12.05"]
[EventType "swiss"]
[EventRounds "13"]
[EventCountry "EST"]
[SourceTitle "CBM 193 Extra"]
[Source "ChessBase"]
[SourceDate "2020.01.31"]
[SourceVersion "1"]
[SourceVersionDate "2020.01.31"]
[SourceQuality "1"]

1. d4 Nf6 2. c4 e6 3. Nf3 d5 4. g3 Bb4+ 5. Bd2 Be7 6. Bg2 0-0 7. 0-0 c6 8. Qc2 Nbd7 9. Rd1 b6 10. b3 Ba6 11. a4 c5 12. a5 Rc8 13. axb6 Qxb6 14. Ba5 Qb8 15. Nbd2 cxd4 16. Nxd4 Bc5 17. e3 Bb7 18. Bc3 dxc4 19. Nxc4 Bxg2 20. Kxg2 Qb7+ 21. Kg1 Nd5 22. Bb2 N7f6 23. Ba3 Nb4 24. Bxb4 Bxb4 25. Ne2 Bc5 26. Nc3 h5 27. Rab1 Qf3 28. Ne5 Qb7 29. Nc4 Bb4 30. Ne2 Ne4 31. h4 Nf6 32. Nf4 Qb5 33. Qd3 Rb8 34. Qd4 a5 35. Kg2 Qc6+ 36. f3 Bc5 37. Qd3 Qc7 38. e4 Rfd8 39. Qc2 Bd4 40. Ne2 Bc5 41. Rxd8+ Rxd8 42. Rd1 Rb8 43. Nf4 Bf8 44. Qc3 Rb5 45. Ra1 Qb8 46. Qc2 Rxb3 47. Rxa5 Rb4 48. Ra4 Rb1 49. Ne2 Nd7 50. Ra2 Rb4 51. Nd2 Ne5 52. Nf4 g6 53. Nd3 Nxd3 54. Qxd3 Bd6 55. Nf1 Rb3 56. Qd2 Be5 57. Qe2 Bd4 58. Rd2 e5 59. Ra2 Rb1 60. Qc2 Kg7 61. Qe2 Rc1 62. g4 Qb1 63. Rd2 Re1 64. Qd3 Qxd3 65. Rxd3 hxg4 66. fxg4 Rxe4 0-1

[Event "EU-ch rapid"]
[Site "Tallinn"]
[Date "2019.12.05"]
[Round "5"]
[White "Lazavik, Denis"]
[Black "Krutti, Valer"]
[Result "1/2-1/2"]
[WhiteElo "2201"]
[BlackElo "2370"]
[PlyCount "63"]
[EventDate "2019.12.05"]
[EventType "swiss"]
[EventRounds "13"]
[EventCountry "EST"]
[SourceTitle "CBM 193 Extra"]
[Source "ChessBase"]
[SourceDate "2020.01.31"]
[SourceVersion "1"]
[SourceVersionDate "2020.01.31"]
[SourceQuality "1"]

1. d4 Nf6 2. c4 c6 3. Nf3 d5 4. Qc2 dxc4 5. Qxc4 Bf5 6. g3 e6 7. Bg2 Nbd7 8. 0-0 Be7 9. Nc3 0-0 10. Re1 Bg6 11. Bg5 h6 12. Bxf6 Bxf6 13. Rad1 Qb6 14. Na4 Qa5 15. Qb3 Rab8 16. e4 Rfd8 17. Nc3 b5 18. e5 Be7 19. Ne4 c5 20. Nxc5 Nxc5 21. dxc5 Bxc5 22. a3 Qb6 23. Re2 Rxd1+ 24. Qxd1 Rd8 25. Qc1 a5 26. Rd2 Rxd2 27. Qxd2 Be4 28. Nh4 Bb1 29. Qe1 Bc2 30. Qd2 Bb1 31. Qe1 Bc2 32. Qd2 1/2-1/2

[Event "Pontevedra op 7th"]
[Site "Pontevedra"]
[Date "2019.08.12"]
[Round "6"]
[White "Teijeiro Barros, Alberto"]
[Black "Krutti, Valer"]
[Result "0-1"]
[WhiteElo "2148"]
[BlackElo "2297"]
[PlyCount "44"]
[EventDate "2019.08.08"]
[EventType "swiss"]
[EventRounds "9"]
[EventCountry "ESP"]
[SourceTitle "EXT 2020"]
[Source "ChessBase"]
[SourceDate "2019.10.17"]
[SourceVersion "1"]
[SourceVersionDate "2019.10.17"]
[SourceQuality "1"]

1. Nf3 d5 2. b3 c6 3. Bb2 Nf6 4. g3 Bf5 5. Bg2 e6 6. 0-0 Be7 7. d3 h6 8. Nbd2 0-0 9. a3 a5 10. h3 Bh7 11. c4 Nbd7 12. Qc2 Bd6 13. e4 dxe4 14. dxe4 Nc5 15. Nd4 Qb6 16. Rfe1 Rfd8 17. Qc1 Be5 18. N2f3 Nfxe4 19. Qe3 Bf6 20. Nh2 Nxf2 21. Re2 Nfd3 22. Ng4 Bg5 0-1

[Event "Pontevedra op 7th"]
[Site "Pontevedra"]
[Date "2019.08.08"]
[Round "1"]
[White "Adams, Philip"]
[Black "Krutti, Valer"]
[Result "1/2-1/2"]
[WhiteElo "1960"]
[BlackElo "2297"]
[PlyCount "53"]
[EventDate "2019.08.08"]
[EventType "swiss"]
[EventRounds "9"]
[EventCountry "ESP"]
[SourceTitle "EXT 2020"]
[Source "ChessBase"]
[SourceDate "2019.10.17"]
[SourceVersion "1"]
[SourceVersionDate "2019.10.17"]
[SourceQuality "1"]

1. e4 c6 2. d4 d5 3. exd5 cxd5 4. c4 Nf6 5. Nc3 g6 6. Qb3 Bg7 7. cxd5 0-0 8. g3 Na6 9. Bg2 Qb6 10. Qxb6 axb6 11. Nge2 Rd8 12. 0-0 Nb4 13. d6 Rxd6 14. Bf4 Rd7 15. Rfd1 e6 16. Rac1 Nbd5 17. Be5 Rd8 18. a3 Bh6 19. Rc2 Bd7 20. Nxd5 Nxd5 21. Bxd5 exd5 22. Rc3 Ba4 23. Ra1 Bb5 24. Nf4 Bc6 25. h4 Bxf4 26. Bxf4 Re8 27. Re3 1/2-1/2

[Event "HUN-chT2 Charousek 1819"]
[Site "Hungary"]
[Date "2019.04.28"]
[Round "11.3"]
[White "Krutti, Valer"]
[Black "Volosin, Vladimir"]
[Result "1-0"]
[WhiteElo "2310"]
[BlackElo "2210"]
[PlyCount "111"]
[EventDate "2018.09.23"]
[EventType "team-tourn"]
[EventRounds "11"]
[EventCountry "HUN"]
[SourceTitle "EXT 2021"]
[Source "ChessBase"]
[SourceDate "2020.10.23"]
[SourceVersion "1"]
[SourceVersionDate "2020.10.23"]
[SourceQuality "1"]
[WhiteTeam "Aquaprofit Nagykanizsa II"]
[BlackTeam "Szentgotthard Alsoszolnok"]
[WhiteTeamCountry "HUN"]
[BlackTeamCountry "HUN"]

1. d4 c6 2. c4 d5 3. Nf3 Nf6 4. e3 Bf5 5. Nc3 e6 6. Nh4 Bg6 7. Nxg6 hxg6 8. a3 a5 9. g3 Nbd7 10. Qe2 Be7 11. Bg2 a4 12. 0-0 Qa5 13. cxd5 exd5 14. Re1 0-0 15. Bd2 Qa6 16. Qd1 Rfe8 17. Qc2 Bd6 18. Rad1 Red8 19. Bc1 Bf8 20. Bf3 b5 21. Kg2 Nb6 22. Bd2 Rac8 23. Na2 c5 24. dxc5 Bxc5 25. Bc3 Nc4 26. Qe2 Ne4 27. Bd4 Ng5 28. Bxc5 Nxf3 29. Qxf3 Rxc5 30. Nb4 Qf6 31. Re2 Qxf3+ 32. Kxf3 f5 33. Rd4 Kf7 34. h4 Kf6 35. Kg2 g5 36. Nd3 Rc6 37. hxg5+ Kxg5 38. Re1 Kf6 39. Rh1 Rcd6 40. g4 g6 41. Rh7 R6d7 42. Rh6 Kg5 43. Rh3 Kf6 44. gxf5 gxf5 45. Rh6+ Kf7 46. Rh5 Kf6 47. Rf4 Rg8+ 48. Kf3 Rg5 49. Rh6+ Rg6 50. Rxg6+ Kxg6 51. Rxc4 dxc4 52. Ne5+ Kg5 53. Nxd7 b4 54. axb4 c3 55. bxc3 a3 56. Nc5 1-0

[Event "HUN-chT2 Charousek 1819"]
[Site "Hungary"]
[Date "2018.12.02"]
[Round "5.3"]
[White "Egri, Laszlo Jr"]
[Black "Krutti, Valer"]
[Result "1/2-1/2"]
[WhiteElo "2264"]
[BlackElo "2310"]
[PlyCount "51"]
[EventDate "2018.09.23"]
[EventType "team-tourn"]
[EventRounds "11"]
[EventCountry "HUN"]
[SourceTitle "CBM 189 Extra"]
[Source "ChessBase"]
[SourceDate "2019.06.03"]
[SourceVersion "1"]
[SourceVersionDate "2019.06.03"]
[SourceQuality "1"]
[WhiteTeam "Gyor Szechenyi"]
[BlackTeam "Aquaprofit Nagykanizsa II"]
[WhiteTeamCountry "HUN"]
[BlackTeamCountry "HUN"]

1. Nf3 d5 2. c4 c6 3. g3 Nf6 4. Bg2 Bg4 5. 0-0 e6 6. cxd5 Bxf3 7. Bxf3 cxd5 8. Nc3 Nc6 9. d3 Be7 10. Bd2 0-0 11. a3 a5 12. Bg2 Nd7 13. Rc1 Rc8 14. e3 Qb6 15. Na4 Qa6 16. d4 b5 17. Nc5 Nxc5 18. dxc5 Bf6 19. Bc3 Bxc3 20. Rxc3 Rfd8 21. Qh5 b4 22. axb4 axb4 23. Rc2 Qa2 24. Rfc1 h6 25. h4 Qa5 26. Rd2 1/2-1/2

[Event "Pontevedra op-A 6th"]
[Site "Pontevedra"]
[Date "2018.08.13"]
[Round "8"]
[White "Krutti, Valer"]
[Black "Nayhebaver, Martin"]
[Result "0-1"]
[WhiteElo "2312"]
[BlackElo "2453"]
[PlyCount "96"]
[EventDate "2018.08.08"]
[EventType "swiss"]
[EventRounds "9"]
[EventCountry "ESP"]
[SourceTitle "EXT 2021"]
[Source "ChessBase"]
[SourceDate "2020.10.23"]
[SourceVersion "1"]
[SourceVersionDate "2020.10.23"]
[SourceQuality "1"]

1. Nf3 Nf6 2. c4 b6 3. Nc3 Bb7 4. d4 e6 5. a3 d5 6. Bg5 Nbd7 7. cxd5 exd5 8. e3 Be7 9. Bd3 0-0 10. 0-0 Ne4 11. Bxe7 Qxe7 12. Qa4 a6 13. Rfd1 c5 14. Rac1 Rfe8 15. Qc2 Rac8 16. dxc5 Ndxc5 17. Nd4 Qf6 18. Bf1 Ne6 19. Nxe4 dxe4 20. Qb1 Nc5 21. b4 Na4 22. Rxc8 Rxc8 23. Rc1 Qd8 24. Qa1 g6 25. b5 axb5 26. Bxb5 Nc5 27. Rd1 Qg5 28. g3 Ra8 29. Qc3 Qe5 30. h4 h6 31. Be2 Qf6 32. Rd2 Ba6 33. Bg4 h5 34. Bh3 Bd3 35. Rd1 Ra4 36. Rd2 Rc4 37. Qb2 Na4 38. Qb3 Rc1+ 39. Kh2 Nc5 40. Qd5 Ra1 41. Qa8+ Kg7 42. Bg2 Qd6 43. Rb2 Qc7 44. Bh3 Na4 45. Qxa4 Qc1 46. Bg2 Qg1+ 47. Kh3 Bf1 48. Ne6+ Kh6 0-1

[Event "Pontevedra op-A 6th"]
[Site "Pontevedra"]
[Date "2018.08.10"]
[Round "3"]
[White "Fernandez Lopez, Ruben"]
[Black "Krutti, Valer"]
[Result "0-1"]
[WhiteElo "2106"]
[BlackElo "2312"]
[PlyCount "50"]
[EventDate "2018.08.08"]
[EventType "swiss"]
[EventRounds "9"]
[EventCountry "ESP"]
[SourceTitle "EXT 2021"]
[Source "ChessBase"]
[SourceDate "2020.10.23"]
[SourceVersion "1"]
[SourceVersionDate "2020.10.23"]
[SourceQuality "1"]

1. e4 c6 2. d4 d5 3. e5 Bf5 4. h4 h6 5. g4 Bd7 6. Qf3 e6 7. g5 c5 8. g6 f5 9. exf6 Nxf6 10. Bh3 Nc6 11. Ne2 Bd6 12. c4 0-0 13. cxd5 Nxd5 14. Qg2 cxd4 15. Nd2 d3 16. Nc3 Nf4 17. Qe4 Nb4 18. Kd1 Bc6 19. Qe1 Nc2 20. Qg1 Bxh1 21. Qxh1 Nxa1 22. Nde4 Nc2 23. Bxf4 Bxf4 24. Ng5 Bxg5 25. Bxe6+ Kh8 0-1

[Event "HUN-chT2 Charousek 1718"]
[Site "Hungary"]
[Date "2018.05.06"]
[Round "9.2"]
[White "Gyurkovics, Bence"]
[Black "Krutti, Valer"]
[Result "1/2-1/2"]
[WhiteElo "2257"]
[BlackElo "2330"]
[PlyCount "31"]
[EventDate "2017.10.29"]
[EventType "team-tourn"]
[EventRounds "9"]
[EventCountry "HUN"]
[SourceTitle "EXT 2020"]
[Source "ChessBase"]
[SourceDate "2019.10.17"]
[SourceVersion "1"]
[SourceVersionDate "2019.10.17"]
[SourceQuality "1"]
[WhiteTeam "Gyor Szechenyi"]
[BlackTeam "Aquaprofit Nagykanizsa II"]
[WhiteTeamCountry "HUN"]
[BlackTeamCountry "HUN"]

1. d4 Nf6 2. c4 c6 3. Nf3 d5 4. e3 Bf5 5. Nc3 a6 6. Be2 h6 7. 0-0 e6 8. b3 Be7 9. Bd3 Bxd3 10. Qxd3 Nbd7 11. e4 dxe4 12. Nxe4 Nxe4 13. Qxe4 Nf6 14. Qe2 0-0 15. Bf4 Qa5 16. Rfd1 1/2-1/2

[Event "Guillermo Garcia Memorial-A 26th"]
[Site "Santa Clara"]
[Date "2017.05.24"]
[Round "8"]
[White "Krutti, Valer"]
[Black "Juarez Flores, Carlos Armando"]
[Result "0-1"]
[WhiteElo "2359"]
[BlackElo "2398"]
[PlyCount "72"]
[EventDate "2017.05.16"]
[EventType "tourn"]
[EventRounds "9"]
[EventCountry "CUB"]
[EventCategory "8"]
[SourceTitle "CBM 178 Extra"]
[Source "ChessBase"]
[SourceDate "2017.06.22"]
[SourceVersion "1"]
[SourceVersionDate "2017.06.22"]
[SourceQuality "1"]

1. d4 d5 2. c4 e6 3. Nf3 c5 4. cxd5 exd5 5. g3 Nc6 6. Bg2 Nf6 7. 0-0 Be7 8. Nc3 0-0 9. dxc5 Bxc5 10. Na4 Be7 11. Be3 Ne4 12. Rc1 Re8 13. Nd4 Bd7 14. a3 Ne5 15. Nc3 Nxc3 16. Rxc3 Be6 17. Qb3 Bf6 18. Rd1 Qd7 19. Nxe6 fxe6 20. Bd4 Nc6 21. Bxf6 gxf6 22. Qa4 Rac8 23. Qf4 Qe7 24. Rdc1 Kg7 25. b4 a6 26. Rc5 Rcd8 27. a4 Ne5 28. Qd4 Rd7 29. f4 Nc4 30. f5 e5 31. Qc3 e4 32. Rd1 Red8 33. e3 a5 34. Qd4 axb4 35. Rb5 Na3 36. Rb6 Nc2 0-1

[Event "Guillermo Garcia Memorial-A 26th"]
[Site "Santa Clara"]
[Date "2017.05.17"]
[Round "2"]
[White "Krutti, Valer"]
[Black "Espinosa Veloz, Ermes"]
[Result "0-1"]
[WhiteElo "2359"]
[BlackElo "2515"]
[PlyCount "58"]
[EventDate "2017.05.16"]
[EventType "tourn"]
[EventRounds "9"]
[EventCountry "CUB"]
[EventCategory "8"]
[SourceTitle "CBM 178 Extra"]
[Source "ChessBase"]
[SourceDate "2017.06.22"]
[SourceVersion "1"]
[SourceVersionDate "2017.06.22"]
[SourceQuality "1"]

1. c4 Nf6 2. Nc3 d5 3. d4 g6 4. Nf3 Bg7 5. e3 0-0 6. Qb3 e6 7. Bd2 Ne4 8. cxd5 Nxc3 9. Bxc3 exd5 10. Be2 Re8 11. 0-0 c6 12. Ne5 Nd7 13. Nxd7 Qxd7 14. Qc2 Qe7 15. b4 Qg5 16. Rfc1 Bf5 17. Qd1 Bf8 18. a4 Bd6 19. Bd2 Re4 20. g3 h5 21. b5 h4 22. f4 Qe7 23. Rc3 c5 24. dxc5 Bxc5 25. Qc1 Bd4 26. Rd3 Rc8 27. Qa3 Bxa1 28. Qxa1 d4 29. Rxd4 Rxe3 0-1

[Event "EU-ch blitz"]
[Site "Tallinn"]
[Date "2016.12.18"]
[Round "26"]
[White "Krutti, Valer"]
[Black "Zelbel, Patrick"]
[Result "0-1"]
[WhiteElo "2361"]
[BlackElo "2448"]
[PlyCount "44"]
[EventDate "2016.12.17"]
[EventType "swiss (blitz)"]
[EventRounds "26"]
[EventCountry "EST"]
[SourceTitle "CBM 176 Extra"]
[Source "ChessBase"]
[SourceDate "2017.03.02"]
[SourceVersion "1"]
[SourceVersionDate "2017.03.02"]
[SourceQuality "1"]

1. d4 Nf6 2. c4 e6 3. Nf3 Bb4+ 4. Bd2 a5 5. g3 d6 6. Bg2 Nbd7 7. 0-0 e5 8. Bc1 exd4 9. Nxd4 0-0 10. Qc2 Ne5 11. b3 Qe7 12. Nf5 Qd7 13. Ne3 c6 14. Nc3 Bc5 15. Na4 Ba7 16. Rd1 Qe7 17. Nf5 Bxf5 18. Qxf5 Rad8 19. Ba3 Neg4 20. e3 Nxf2 21. Kxf2 Qxe3+ 22. Kf1 Qg1+ 0-1

[Event "EU-ch blitz"]
[Site "Tallinn"]
[Date "2016.12.18"]
[Round "25"]
[White "Zelbel, Patrick"]
[Black "Krutti, Valer"]
[Result "1-0"]
[WhiteElo "2448"]
[BlackElo "2361"]
[PlyCount "43"]
[EventDate "2016.12.17"]
[EventType "swiss (blitz)"]
[EventRounds "26"]
[EventCountry "EST"]
[SourceTitle "CBM 176 Extra"]
[Source "ChessBase"]
[SourceDate "2017.03.02"]
[SourceVersion "1"]
[SourceVersionDate "2017.03.02"]
[SourceQuality "1"]

1. e4 c6 2. Nf3 d5 3. Nc3 a6 4. Be2 Bg4 5. h3 Bh5 6. 0-0 e6 7. d3 Nf6 8. Bf4 Be7 9. a3 c5 10. exd5 Nxd5 11. Nxd5 Qxd5 12. Ne5 Bxe2 13. Qxe2 0-0 14. Qe4 Rd8 15. Rad1 Bf6 16. Nc4 Nd7 17. c3 Be7 18. Rfe1 Nf6 19. Qe2 Qc6 20. Ne5 Qa4 21. Bg3 Qe8 22. Qf3 1-0

[Event "EU-ch blitz"]
[Site "Tallinn"]
[Date "2016.12.17"]
[Round "6"]
[White "Cvitan, Ognjen"]
[Black "Krutti, Valer"]
[Result "1-0"]
[WhiteElo "2491"]
[BlackElo "2361"]
[PlyCount "82"]
[EventDate "2016.12.17"]
[EventType "swiss (blitz)"]
[EventRounds "26"]
[EventCountry "EST"]
[SourceTitle "CBM 176 Extra"]
[Source "ChessBase"]
[SourceDate "2017.03.02"]
[SourceVersion "1"]
[SourceVersionDate "2017.03.02"]
[SourceQuality "1"]

1. d4 Nf6 2. c4 c5 3. e3 g6 4. Nc3 Bg7 5. Nf3 0-0 6. Be2 cxd4 7. exd4 d5 8. 0-0 Nc6 9. h3 b6 10. Re1 dxc4 11. Bxc4 Na5 12. Bf1 Bb7 13. Bg5 Rc8 14. Ne5 Nc6 15. Qa4 h6 16. Bh4 e6 17. Rad1 g5 18. Bg3 a6 19. Bxa6 Ra8 20. Nxc6 Qe8 21. Nb4 Bxa6 22. Qxe8 Rfxe8 23. Nxa6 Rxa6 24. a3 Rd8 25. Be5 Ra7 26. Rc1 Nd5 27. Nxd5 Rxd5 28. Rc6 Rb7 29. a4 Bxe5 30. dxe5 Rd2 31. b3 Rd3 32. Re3 Rd2 33. Re4 Rd5 34. g3 b5 35. a5 b4 36. a6 Ra7 37. Rxb4 Rxe5 38. Rb7 Rxb7 39. axb7 Rb5 40. Rc8+ Kg7 41. b8Q Ra5 1-0

[Event "EU-ch blitz"]
[Site "Tallinn"]
[Date "2016.12.17"]
[Round "5"]
[White "Krutti, Valer"]
[Black "Cvitan, Ognjen"]
[Result "1/2-1/2"]
[WhiteElo "2361"]
[BlackElo "2491"]
[PlyCount "75"]
[EventDate "2016.12.17"]
[EventType "swiss (blitz)"]
[EventRounds "26"]
[EventCountry "EST"]
[SourceTitle "CBM 176 Extra"]
[Source "ChessBase"]
[SourceDate "2017.03.02"]
[SourceVersion "1"]
[SourceVersionDate "2017.03.02"]
[SourceQuality "1"]

1. d4 Nf6 2. c4 e6 3. Nf3 c5 4. Nc3 cxd4 5. Nxd4 Bb4 6. g3 0-0 7. Bg2 d5 8. cxd5 Nxd5 9. Bd2 Bxc3 10. bxc3 e5 11. Nc2 Nc6 12. 0-0 Be6 13. Ne3 Nxe3 14. Bxe3 Qc7 15. Qa4 Rac8 16. c4 b6 17. c5 bxc5 18. Bxc5 Rfd8 19. Rfd1 h6 20. h4 Na5 21. Rxd8+ Rxd8 22. Rc1 Nc4 23. Qxa7 Qxa7 24. Bxa7 Rd2 25. a4 Ra2 26. Bc6 Nb2 27. Rc2 Ra1+ 28. Kh2 Nxa4 29. Be3 Ra3 30. h5 Nc3 31. Bc5 Rb3 32. Bd6 f6 33. e3 Kf7 34. Bf3 Bf5 35. Rd2 Be6 36. Rc2 Bf5 37. Rd2 Be6 38. Rc2 1/2-1/2

[Event "EU-ch blitz"]
[Site "Tallinn"]
[Date "2016.12.17"]
[Round "9"]
[White "Krutti, Valer"]
[Black "Ruck, Robert"]
[Result "0-1"]
[WhiteElo "2361"]
[BlackElo "2561"]
[PlyCount "92"]
[EventDate "2016.12.17"]
[EventType "swiss (blitz)"]
[EventRounds "26"]
[EventCountry "EST"]
[SourceTitle "CBM 176 Extra"]
[Source "ChessBase"]
[SourceDate "2017.03.02"]
[SourceVersion "1"]
[SourceVersionDate "2017.03.02"]
[SourceQuality "1"]

1. d4 Nf6 2. c4 g6 3. Nc3 d5 4. Bg5 Ne4 5. Bh4 Nxc3 6. bxc3 c5 7. e3 Nc6 8. cxd5 Qxd5 9. Nf3 cxd4 10. cxd4 e5 11. Be2 Bb4+ 12. Kf1 exd4 13. Bf6 0-0 14. Nxd4 Qd6 15. Nxc6 Qxc6 16. Qd4 Bc5 17. Qc3 Bf5 18. h4 Bb6 19. Qb2 Bd8 20. Bd4 Be7 21. h5 Rac8 22. hxg6 Bxg6 23. Bxa7 Bf6 24. Bd4 Bxd4 25. Qxd4 Rfd8 26. Qb2 Qc2 27. Qxc2 Rxc2 28. Rd1 Rxd1+ 29. Bxd1 Rxa2 30. Rh4 Rb2 31. Rd4 b5 32. f4 b4 33. e4 Rb1 34. Kf2 f6 35. e5 fxe5 36. fxe5 Kf7 37. Bg4 Rb2+ 38. Kg3 b3 39. Rb4 Rb1 40. e6+ Kf6 41. Rb7 b2 42. e7 h5 43. Bf3 h4+ 44. Kxh4 Rh1+ 45. Kg3 b1Q 46. e8N+ Bxe8 0-1

[Event "HUN-chT2 Charousek 1516"]
[Site "Hungary"]
[Date "2016.02.14"]
[Round "5.5"]
[White "Juracsik, Jozsef"]
[Black "Krutti, Valer"]
[Result "1/2-1/2"]
[WhiteElo "2113"]
[BlackElo "2347"]
[PlyCount "31"]
[EventDate "2015.10.18"]
[EventType "team-tourn"]
[EventRounds "9"]
[EventCountry "HUN"]
[SourceTitle "EXT 2017"]
[Source "ChessBase"]
[SourceDate "2016.10.25"]
[SourceVersion "1"]
[SourceVersionDate "2016.10.25"]
[SourceQuality "1"]
[WhiteTeam "Tapolca Rockwool"]
[BlackTeam "Aquaprofit II"]
[WhiteTeamCountry "HUN"]
[BlackTeamCountry "HUN"]

1. Nf3 Nf6 2. g3 d5 3. d4 c6 4. Bg2 Bg4 5. Nbd2 e6 6. 0-0 Be7 7. Re1 Nbd7 8. e4 dxe4 9. Nxe4 Nxe4 10. Rxe4 Bh5 11. c3 0-0 12. Qb3 Qb6 13. Bf4 Rfd8 14. h4 h6 15. Ree1 Bg6 16. Nd2 1/2-1/2